000 00718nam a2200241 i 4500
001 C2-0318148
003 PPAK
005 20180728114138.0
008 121007s2008 my a|||| ||||| | may d
020 _a9789834207458
040 _aPPAK
_beng
_cPPAK
_erda
082 0 4 _a806.0595
_223
090 0 0 _a806.0595
_bFEN
_dKSS
245 0 0 _aFenomena GAPENA
264 1 _aKuala Lumpur :
_bGapeniaga Sdn. Bhd. ,
_c2008
300 _aviii, 169 pages :
_billustrations ;
_c22 cm
336 _2rdacontent
_atext
337 _2rdamedia
_aunmediated
338 _2rdacarrier
_avolume
650 1 0 _aAuthors - Malaysia. ; Authors, Malaysia - Biography.
700 0 _aIsmail Hussein ; Hamzah Hamdani,
_eeditor
942 _ddc
_cB
999 _c119116
_d119116